Formula One Race Winners 2020s - Statistics

General Stats
  • This quiz has been taken 217 times
    179 since last reset
  • The average score is 8 of 9
Answer Stats
# of wins Driver % Correct
19 Lewis Hamilton
100%
24 Max Verstappen
100%
4 Sergio Pérez
96%
3 Charles Leclerc
95%
1 Carlos Sainz
92%
1 Esteban Ocon
92%
1 Pierre Gasly
92%
3 Valtteri Bottas
92%
1 Daniel Ricciardo
82%
No matching quizzes found
Score Distribution
Percent of People with Each Score
Percentile by Number Answered
Your Score History
You have not taken this quiz since the last reset